| 000 | 00994nam a22003257a 4500 | ||
|---|---|---|---|
| 003 | CHAP | ||
| 005 | 20220329141145.0 | ||
| 008 | 971010s1981 r 00010 d | ||
| 010 | _a63561 | ||
| 011 | _a64533 | ||
| 035 | _a70120 | ||
| 040 | _cCHAP | ||
| 082 | 0 | 4 |
_a530.09 _bK6Y |
| 100 | 0 | 0 |
_aKoyré, Alexandre. _963819 |
| 245 | 1 | _aEstudios galileanos | |
| 260 |
_aMéxico, D. F. : _bSiglo XXI, _c1981 |
||
| 300 | _a332 p. | ||
| 490 | _aCiencia y técnica | ||
| 590 |
_aBATCH-UPD _b10 _c20130110 _lUCH01 _h0758 |
||
| 590 |
_aBATCH-UPD _b10 _c20130410 _lUCH01 _h0436 |
||
| 590 |
_aBATCH-UPD _b10 _c20130914 _lUCH01 _h0934 |
||
| 590 |
_aCONVERSION _b10 _c20130109 _lUCH01 _h1334 |
||
| 650 | 1 | 4 |
_aFísica _xHistoria. _941984 |
| 650 | 1 | 4 |
_aFísica _xLeyes. _941987 |
| 830 | 0 |
_aCiencia y técnica _923164 |
|
| 901 | _aBK | ||
| 942 | _cLIBRO | ||
| 949 |
_a530.08 K6Y _bBC _cLIBRO _d33724000410692 _eLIBRO _fc.2 _h67285 _i70120 _si |
||
| 949 |
_a530.08 K6Y _bBC _cLIBRO _d33724000411088 _eLIBRO _h67284 _i70120 _si |
||
| 999 |
_c63561 _d63561 |
||